10 größte Städte Irak - Statistiken

Allgemein
  • Dieses Quiz wurde 10 mal gespielt
  • Das Durchschnittsergebnis liegt bei 5 aus 10
Antwortstatistiken
Einwohner Antwort % Korrekt
7.512.000 Bagdad
100%
1.414.000 Basra
88%
878.000 Erbil
88%
1.737.000 Mossul
88%
930.000 Nadschaf
50%
577.000 Karbala
38%
1.052.000 Kirkuk
38%
628.000 Hilla
25%
705.000 Amara
13%
653.000 Nasiriyah
13%
Keine übereinstimmenden Quizze gefunden
Verteilung der Resultate
Anzahl Personen mit jedem Resultat
Perzentil nach korrekt beantworteten Fragen
Ihre Resultats-Entwicklung
Sie haben dieses Quiz noch nicht gespielt